| 000 | 00564cam a22001697a 4500 | ||
|---|---|---|---|
| 008 | 180718b1999 xxu||||| |||| 00| 0 eng d | ||
| 020 | _a0582253438 | ||
| 082 | _aL3 St97 | ||
| 100 | _aSturm, Roland | ||
| 245 |
_aPublic deficits: a comparative study of their economic and political consequences in Britain, Canada, Germany and the United States _cby Roland Sturm and Markus M. Muller |
||
| 260 |
_aLondon _bLongman _c1999 |
||
| 300 | _a140p. | ||
| 650 | _a(Written off) | ||
| 650 | _adeficit financing | ||
| 650 | _aDebts, Public | ||
| 700 | _aMuller, Markus M. | ||
| 999 |
_c390499 _d390499 |
||